[Event "Titled Tuesday intern op 06th July"]
[Site "Chess.com INT"]
[Date "2021.07.06"]
[Round "3"]
[White "Grineva, Marianna"]
[Black "Gonzalez Menendez, Ivan"]
[Result "0-1"]
[WhiteElo "1996"]
[BlackElo "2393"]
[PlyCount "151"]
[EventDate "2021.07.06"]
[EventType "swiss (blitz)"]
[EventRounds "11"]
[EventCountry "USA"]
[SourceTitle "EXT 2022"]
[Source "ChessBase"]
[SourceDate "2021.10.06"]
[SourceVersion "1"]
[SourceVersionDate "2021.10.06"]
[SourceQuality "1"]

1. e4 e6 2. d4 d5 3. Nd2 Nf6 4. e5 Nfd7 5. Bd3 c5 6. c3 Nc6 7. Ne2 cxd4 8. cxd4 f6 9. exf6 Nxf6 10. Nf3 Bd6 11. 0-0 0-0 12. Bg5 Bd7 13. Rc1 Be8 14. Bf4 Bh5 15. Bxd6 Qxd6 16. Ng3 Bxf3 17. Qxf3 Nxd4 18. Qe3 e5 19. Nf5 Nxf5 20. Bxf5 e4 21. Qh3 g6 22. Be6+ Kg7 23. Rfd1 Rae8 24. Bg4 Qf4 25. Bd7 Re7 26. Ba4 Ng4 27. Qg3 Qxf2+ 28. Qxf2 Nxf2 29. Rxd5 e3 30. Re1 Ng4 31. h3 Nf6 32. Rd3 Re4 33. Bc2 Rfe8 34. Rb3 R4e7 35. a4 Nd5 36. g3 Rc8 37. Bd3 b6 38. Bf1 Rc2 39. Bg2 Nf6 40. Rexe3 Rxe3 41. Rxe3 Rxb2 42. Re7+ Kh6 43. Rxa7 Nh5 44. Kh2 Rb3 45. g4 Nf4 46. Bf1 g5 47. Ra6 Rf3 48. Bg2 Rf2 49. Kg3 Rxg2+ 50. Kf3 Rb2 51. a5 Nd5 52. axb6 Rxb6 53. Ra3 Nf4 54. Kg3 Rd6 55. h4 Rd3+ 56. Rxd3 Nxd3 57. hxg5+ Kxg5 58. Kh3 Ne5 59. Kg3 Nxg4 60. Kg2 h5 61. Kh3 h4 62. Kg2 Nf6 63. Kh3 Nh5 64. Kg2 Nf4+ 65. Kh2 Kg4 66. Kh1 Kg3 67. Kg1 h3 68. Kh1 Ng6 69. Kg1 Nh4 70. Kh1 Nf5 71. Kg1 Ne3 72. Kh1 Ng4 73. Kg1 Nf2 74. Kf1 h2 75. Ke2 h1Q 76. Ke3 0-1

[Event "Titled Tuesday intern op 27th Apr"]
[Site "Chess.com INT"]
[Date "2021.04.27"]
[Round "2"]
[White "Li, Hui"]
[Black "Gonzalez Menendez, Ivan"]
[Result "0-1"]
[WhiteElo "1985"]
[BlackElo "2393"]
[PlyCount "88"]
[EventDate "2021.04.27"]
[EventType "swiss (blitz)"]
[EventRounds "11"]
[EventCountry "USA"]
[SourceTitle "CBM 202 Extra"]
[Source "ChessBase"]
[SourceDate "2021.07.31"]
[SourceVersion "1"]
[SourceVersionDate "2021.07.31"]
[SourceQuality "1"]

1. e4 e6 2. d4 d5 3. Nd2 Nf6 4. e5 Nfd7 5. Bd3 c5 6. c3 Nc6 7. Ne2 cxd4 8. cxd4 f6 9. exf6 Nxf6 10. 0-0 Bd6 11. Nf3 0-0 12. Bf4 Bxf4 13. Nxf4 Ne4 14. Qc1 Ng5 15. Nxg5 Qxg5 16. Ne2 Qf6 17. Qe3 Bd7 18. Rad1 Rae8 19. Bb5 Nb8 20. Bd3 Nc6 21. Bb5 Nb8 22. Bd3 e5 23. dxe5 Rxe5 24. Qxa7 Bc6 25. Nd4 Rg5 26. Be2 Nd7 27. Nxc6 Qxc6 28. Qe3 Re5 29. Qd2 Nc5 30. Bf3 Ne4 31. Bxe4 dxe4 32. Qe3 Ref5 33. Rd2 Kh8 34. h3 h6 35. Re1 Rf4 36. Rde2 Qg6 37. Qg3 Qf5 38. Rf1 Rf6 39. Qe3 Rg6 40. Kh2 Rh4 41. Qc3 Kh7 42. Qe3 Qe5+ 43. Kg1 Qh5 44. Rd2 Rxh3 0-1

[Event "ESP-chT CECLUB Div2"]
[Site "Linares"]
[Date "2016.08.18"]
[Round "4"]
[White "Gonzalez Menendez, Ivan"]
[Black "Martin Fuentes, Alberto"]
[Result "1-0"]
[WhiteElo "2416"]
[BlackElo "2393"]
[PlyCount "61"]
[EventDate "2016.08.16"]
[EventType "team"]
[EventRounds "6"]
[EventCountry "ESP"]
[SourceTitle "CBM 174 Extra"]
[Source "ChessBase"]
[SourceDate "2016.10.10"]
[SourceVersion "1"]
[SourceVersionDate "2016.10.10"]
[SourceQuality "1"]
[WhiteTeam "Real Oviedo"]
[BlackTeam "Solvay II"]
[WhiteTeamCountry "ESP"]
[BlackTeamCountry "ESP"]

1. e4 e6 2. d4 d5 3. Nd2 Be7 4. Bd3 Nf6 5. e5 Nfd7 6. Ne2 c5 7. c3 Nc6 8. Nf3 a5 9. 0-0 Qb6 10. Re1 Nf8 11. b3 Bd7 12. Be3 cxd4 13. Nexd4 Nxd4 14. Nxd4 Qd8 15. Qh5 Ng6 16. Rad1 0-0 17. Bd2 f5 18. exf6 Rxf6 19. Bg5 Rf7 20. Nf3 Nf8 21. c4 Be8 22. cxd5 Bxg5 23. dxe6 Rxf3 24. Bxh7+ Nxh7 25. Rxd8 Rxd8 26. Qxf3 Bc6 27. Qf7+ Kh8 28. e7 Re8 29. Re5 Bf6 30. Rh5 Rc8 31. Qf8+ 1-0

[Event "ESP-chT CECLUB Div1 GpA"]
[Site "Don Benito"]
[Date "2012.08.03"]
[Round "5"]
[White "Gonzalez Menendez, Ivan"]
[Black "Guerra Bastida, Diego"]
[Result "1/2-1/2"]
[WhiteElo "2411"]
[BlackElo "2397"]
[PlyCount "69"]
[EventDate "2012.07.30"]
[EventType "team"]
[EventRounds "5"]
[EventCountry "ESP"]
[SourceTitle "CBM 149 Extra"]
[Source "ChessBase"]
[SourceDate "2012.08.24"]
[SourceVersion "1"]
[SourceVersionDate "2012.08.24"]
[SourceQuality "1"]
[WhiteTeam "Oviedo Universidad"]
[BlackTeam "Vigo Universidad"]
[WhiteTeamCountry "ESP"]
[BlackTeamCountry "ESP"]

1. e4 d6 2. d4 Nf6 3. Nc3 g6 4. f3 c6 5. Be3 Qb6 6. Qc1 Bg7 7. Bd3 Na6 8. a3 0-0 9. Nge2 Qc7 10. Bh6 c5 11. Bxg7 Kxg7 12. Bxa6 bxa6 13. d5 Rb8 14. 0-0 Bd7 15. Ng3 c4 16. Kh1 Qc5 17. Rb1 Rb7 18. Nce2 Rfb8 19. c3 e6 20. Nd4 h6 21. f4 e5 22. fxe5 dxe5 23. Nf3 Ng4 24. Qd2 Qe3 25. Qxe3 Nxe3 26. Rf2 Ng4 27. Re2 Re8 28. h3 Nf6 29. Nd2 Rc8 30. Rf2 Ne8 31. Rbf1 f6 32. Nf3 Nd6 33. Nd2 Ne8 34. Nf3 Nd6 35. Nd2 1/2-1/2

[Event "ESP-chT CECLUB Div2 Gp1"]
[Site "Padron"]
[Date "2011.08.12"]
[Round "4"]
[White "Larrosa Vila, Juan Carlos"]
[Black "Gonzalez Menendez, Ivan"]
[Result "0-1"]
[WhiteElo "2161"]
[BlackElo "2448"]
[PlyCount "64"]
[EventDate "2011.08.10"]
[EventType "team-swiss"]
[EventRounds "6"]
[EventCountry "ESP"]
[SourceTitle "CBM 143 Extra"]
[Source "ChessBase"]
[SourceDate "2011.08.29"]
[SourceVersion "1"]
[SourceVersionDate "2011.08.29"]
[SourceQuality "1"]
[WhiteTeam "Alexandre Boveda"]
[BlackTeam "Oviedo Universidad"]
[WhiteTeamCountry "ESP"]
[BlackTeamCountry "ESP"]

1. Nf3 d5 2. c4 e6 3. g3 Nf6 4. Bg2 Be7 5. 0-0 0-0 6. d4 c6 7. Qc2 b6 8. Rd1 Ba6 9. b3 Nbd7 10. Nbd2 Rc8 11. e4 c5 12. exd5 exd5 13. Bb2 cxd4 14. Nxd4 b5 15. Qf5 bxc4 16. bxc4 g6 17. Qh3 Bxc4 18. Qh6 Ng4 19. Qh3 Nde5 20. Nxc4 Nxc4 21. Qxg4 Nxb2 22. Rd2 Nc4 23. Re2 Bf6 24. Rd1 Nb6 25. h4 h5 26. Qf3 Bg7 27. Qb3 Qd7 28. Red2 Rfd8 29. Qb5 Qxb5 30. Nxb5 a6 31. Nd4 Rc4 32. Rb1 Rxd4 0-1

[Event "Pardubice Czech op 22nd"]
[Site "Pardubice"]
[Date "2011.07.26"]
[Round "5"]
[White "Zimmermann, Julian"]
[Black "Gonzalez Menendez, Ivan"]
[Result "1/2-1/2"]
[WhiteElo "2331"]
[BlackElo "2448"]
[PlyCount "27"]
[EventDate "2011.07.22"]
[EventType "swiss"]
[EventRounds "9"]
[EventCountry "CZE"]
[SourceTitle "CBM 143 Extra"]
[Source "ChessBase"]
[SourceDate "2011.08.29"]
[SourceVersion "1"]
[SourceVersionDate "2011.08.29"]
[SourceQuality "1"]

1. e4 c5 2. Nf3 e6 3. d4 cxd4 4. Nxd4 Nc6 5. Nc3 Qc7 6. g3 a6 7. Bg2 Nf6 8. 0-0 Be7 9. Re1 d6 10. a4 0-0 11. Nde2 b6 12. b3 Bb7 13. Bb2 Rfd8 14. Qd2 1/2-1/2

[Event "ESP-chT Autonomicas 4th"]
[Site "Villava"]
[Date "2009.05.01"]
[Round "2"]
[White "Gonzalez Menendez, Ivan"]
[Black "Baron Rodriguez, Jesus"]
[Result "1-0"]
[WhiteElo "2413"]
[BlackElo "2428"]
[PlyCount "59"]
[EventDate "2009.04.30"]
[EventType "team-tourn"]
[EventRounds "6"]
[EventCountry "ESP"]
[SourceTitle "CBM 130 Extra"]
[Source "ChessBase"]
[SourceDate "2009.07.02"]
[SourceVersion "2"]
[SourceVersionDate "2009.07.15"]
[SourceQuality "1"]

1. e4 e5 2. Nf3 Nc6 3. d4 exd4 4. Nxd4 g6 5. Nc3 Bg7 6. Be3 Nge7 7. Bc4 d6 8. 0-0 0-0 9. f4 Na5 10. Be2 f5 11. exf5 Bxf5 12. g4 Bd7 13. f5 gxf5 14. gxf5 c5 15. Ne6 Bxe6 16. fxe6 Nf5 17. Rxf5 Rxf5 18. Bg4 Nc4 19. Bxf5 Nxe3 20. Qh5 Nxf5 21. Qxf5 Qf6 22. Qd5 Qd4+ 23. Kh1 Qe3 24. Rg1 Rb8 25. e7+ Kh8 26. Qf7 Rg8 27. Rg3 Qe1+ 28. Kg2 b5 29. Nd5 Qd2+ 30. Kh3 1-0

[Event "ESP-chT Gp1"]
[Site "Burguillos"]
[Date "2008.08.16"]
[Round "5"]
[White "Gonzalez Menendez, Ivan"]
[Black "Arizmendi Martinez, Julen Luis"]
[Result "1/2-1/2"]
[WhiteElo "2406"]
[BlackElo "2524"]
[PlyCount "44"]
[EventDate "2008.08.13"]
[EventType "team"]
[EventRounds "6"]
[EventCountry "ESP"]
[SourceTitle "CBM 126 Extra"]
[Source "ChessBase"]
[SourceDate "2008.11.05"]
[SourceVersion "1"]
[SourceVersionDate "2008.11.05"]
[SourceQuality "1"]

1. e4 e6 2. d4 d5 3. Nd2 Be7 4. Ngf3 Nf6 5. e5 Nfd7 6. Bd3 c5 7. c3 Nc6 8. 0-0 a5 9. Re1 a4 10. Nf1 cxd4 11. cxd4 Nb6 12. Bd2 Nc4 13. Bc3 a3 14. Bxc4 dxc4 15. b3 b5 16. bxc4 b4 17. Bd2 Nxd4 18. Nxd4 Qxd4 19. Qb3 0-0 20. Bxb4 Rb8 21. Bc3 Rxb3 22. Bxd4 Rb4 1/2-1/2

[Event "ESP-chT CECLUB Sur Div 1"]
[Site "Burguillos"]
[Date "2007.08.23"]
[Round "3"]
[White "Valmana Canto, Jaime"]
[Black "Gonzalez Menendez, Ivan"]
[Result "1/2-1/2"]
[WhiteElo "2346"]
[BlackElo "2388"]
[PlyCount "58"]
[EventDate "2007.08.22"]
[EventType "team"]
[EventRounds "6"]
[EventCountry "ESP"]
[SourceTitle "CBM 119 Extra"]
[Source "ChessBase"]
[SourceDate "2007.09.04"]
[SourceVersion "1"]
[SourceVersionDate "2007.09.04"]
[SourceQuality "1"]

1. e4 e6 2. d4 d5 3. Nc3 Bb4 4. e5 c5 5. a3 Bxc3+ 6. bxc3 Ne7 7. Qg4 0-0 8. Bd3 Nbc6 9. Qh5 Ng6 10. Nf3 Qc7 11. Be3 c4 12. Bxg6 fxg6 13. Qg4 Bd7 14. h4 Rf5 15. h5 gxh5 16. Rxh5 Rxh5 17. Qxh5 Be8 18. Qh3 Nd8 19. Bg5 Bf7 20. Kd2 Qd7 21. Rh1 Bg6 22. Bxd8 Rxd8 23. Ng5 Re8 24. Nxh7 Qa4 25. Nf6+ Kf7 26. Nxe8 Qxc2+ 27. Ke1 Qc1+ 28. Ke2 Qc2+ 29. Ke1 Qc1+ 1/2-1/2

[Event "Benasque op 27th"]
[Site "Benasque"]
[Date "2007.07.07"]
[Round "3"]
[White "Gelashvili, Tamaz"]
[Black "Gonzalez Menendez, Ivan"]
[Result "1-0"]
[WhiteElo "2604"]
[BlackElo "2388"]
[PlyCount "107"]
[EventDate "2007.07.05"]
[EventType "swiss"]
[EventRounds "9"]
[EventCountry "ESP"]
[SourceTitle "CBM 119 Extra"]
[Source "ChessBase"]
[SourceDate "2007.09.04"]
[SourceVersion "1"]
[SourceVersionDate "2007.09.04"]
[SourceQuality "1"]

1. Nf3 Nf6 2. e3 c5 3. d4 g6 4. c4 Bg7 5. Nc3 0-0 6. Be2 cxd4 7. Nxd4 Nc6 8. Nc2 d6 9. 0-0 Be6 10. e4 Qa5 11. Bd2 Rfc8 12. b3 Nd7 13. Nd5 Qd8 14. Rc1 Nc5 15. f3 Bxd5 16. cxd5 Nd4 17. Nxd4 Bxd4+ 18. Kh1 Nd7 19. Bg5 Bf6 20. Be3 Qa5 21. Qd2 Qxd2 22. Bxd2 Bb2 23. Rxc8+ Rxc8 24. Be3 a6 25. Rb1 Ba3 26. Bd1 Rc3 27. Bd2 Rd3 28. Be1 Re3 29. Bh4 f6 30. Kg1 Ne5 31. Bf2 Rc3 32. Be1 Rc8 33. Bd2 Nd3 34. b4 Bc1 35. Bxc1 Nxc1 36. a4 Nd3 37. Be2 Nf4 38. Bf1 Rc2 39. b5 a5 40. b6 Kf7 41. Ba6 Ne2+ 42. Kf1 Nc3 43. Bxb7 Nxb1 44. Ba6 Rb2 45. Bb5 Nc3 46. b7 Nxb5 47. b8Q Rb1+ 48. Kf2 Nc3 49. Qh8 Nxa4 50. Qxh7+ Ke8 51. Qxg6+ Kd7 52. e5 Rb2+ 53. Kg3 fxe5 54. Qg4+ 1-0

[Event "Gijon op 2nd"]
[Site "Gijon"]
[Date "2007.06.30"]
[Round "7.2"]
[White "Pakleza, Zbigniew"]
[Black "Gonzalez Menendez, Ivan"]
[Result "1-0"]
[WhiteElo "2446"]
[BlackElo "2401"]
[PlyCount "61"]
[EventDate "2007.06.25"]
[EventType "swiss"]
[EventRounds "8"]
[EventCountry "ESP"]
[SourceTitle "CBM 119 Extra"]
[Source "ChessBase"]
[SourceDate "2007.09.04"]
[SourceVersion "1"]
[SourceVersionDate "2007.09.04"]
[SourceQuality "1"]

1. Nf3 Nf6 2. c4 c5 3. Nc3 Nc6 4. d4 cxd4 5. Nxd4 g6 6. g3 Bg7 7. Bg2 0-0 8. 0-0 Nxd4 9. Qxd4 d6 10. b3 Ne4 11. Qxe4 Bxc3 12. Bh6 Bxa1 13. Bxf8 Qxf8 14. Rxa1 Rb8 15. c5 dxc5 16. Qe5 Be6 17. Qxc5 b6 18. Qc7 Qd8 19. Qxa7 Rc8 20. h4 Rc2 21. Bf3 Qd4 22. Rb1 Kg7 23. Qxe7 Rxa2 24. h5 Bxb3 25. Kg2 Be6 26. h6+ Kxh6 27. Qf8+ Kg5 28. Rb5+ f5 29. Qe7+ Qf6 30. Qxh7 Qd4 31. Rxb6 1-0

[Event "ESP-ch Student"]
[Site "Cartagena"]
[Date "2007.05.07"]
[Round "1"]
[White "Gomez Gomez, Francisco Javier"]
[Black "Gonzalez Menendez, Ivan"]
[Result "0-1"]
[WhiteElo "2062"]
[BlackElo "2401"]
[PlyCount "60"]
[EventDate "2007.05.06"]
[EventType "swiss"]
[EventRounds "9"]
[EventCountry "ESP"]
[SourceTitle "CBM 118 Extra"]
[Source "ChessBase"]
[SourceDate "2007.07.04"]
[SourceVersion "1"]
[SourceVersionDate "2007.07.04"]
[SourceQuality "1"]

1. e4 e6 2. d4 d5 3. Nc3 Bb4 4. e5 c5 5. a3 Bxc3+ 6. bxc3 Ne7 7. Qg4 0-0 8. Bd3 Qa5 9. Bd2 Nbc6 10. Nf3 f5 11. exf6 Rxf6 12. Qh5 Nf5 13. 0-0 c4 14. Bxf5 Rxf5 15. Ng5 h6 16. g4 Rf8 17. f4 Bd7 18. Nf3 Be8 19. Qh3 Bg6 20. f5 exf5 21. Nh4 Bh7 22. Nxf5 Bxf5 23. gxf5 Rf6 24. Qg4 Raf8 25. a4 Ne7 26. Rf2 Qa6 27. Raf1 R8f7 28. Bc1 Qxa4 29. Bxh6 Rxh6 30. f6 Rg6 0-1

[Event "Calvia Autonomicas-chT"]
[Site "Calvia"]
[Date "2007.05.04"]
[Round "3"]
[White "Gonzalez Menendez, Ivan"]
[Black "Roa Alonso, Santiago"]
[Result "0-1"]
[WhiteElo "2401"]
[BlackElo "2423"]
[PlyCount "86"]
[EventDate "2007.05.03"]
[EventType "team"]
[EventRounds "5"]
[EventCountry "ESP"]
[SourceTitle "CBM 118 Extra"]
[Source "ChessBase"]
[SourceDate "2007.07.04"]
[SourceVersion "1"]
[SourceVersionDate "2007.07.04"]
[SourceQuality "1"]

1. e4 d6 2. d4 Nf6 3. Nc3 g6 4. Bg5 h6 5. Bxf6 exf6 6. Bc4 Nc6 7. Nge2 f5 8. 0-0 Bg7 9. exf5 Bxf5 10. Ng3 Bd7 11. Re1+ Kf8 12. Nce2 h5 13. c3 h4 14. Ne4 Rh5 15. Bb3 Bh6 16. d5 Ne5 17. Nd4 Qe7 18. h3 Re8 19. Bc2 c5 20. dxc6 bxc6 21. Nb3 Bf4 22. Kh1 Nc4 23. Qd4 d5 24. Nbc5 Bc8 25. Nd3 Be3 26. fxe3 Qxe4 27. Nf4 Qxc2 28. Nxh5 gxh5 29. e4 Be6 30. exd5 cxd5 31. Qh8+ Ke7 32. Qxh5 Kd7 33. b3 Rg8 34. Re2 Qxc3 35. Rae1 Nd6 36. Qxh4 d4 37. Qh7 Qg3 38. Rd1 Bf5 39. Qh6 d3 40. Qf6 Be4 41. Qf2 Qxh3+ 42. Kg1 Bxg2 43. Qxg2 dxe2 0-1

[Event "Calvia Autonomicas-chT"]
[Site "Calvia"]
[Date "2007.05.03"]
[Round "1"]
[White "Bolado Saez, Sergio"]
[Black "Gonzalez Menendez, Ivan"]
[Result "1/2-1/2"]
[WhiteElo "2368"]
[BlackElo "2401"]
[PlyCount "85"]
[EventDate "2007.05.03"]
[EventType "team"]
[EventRounds "5"]
[EventCountry "ESP"]
[SourceTitle "CBM 118 Extra"]
[Source "ChessBase"]
[SourceDate "2007.07.04"]
[SourceVersion "1"]
[SourceVersionDate "2007.07.04"]
[SourceQuality "1"]

1. d4 Nf6 2. Nf3 d5 3. c4 e6 4. e3 Nbd7 5. Bd3 dxc4 6. Bxc4 c6 7. 0-0 b5 8. Bd3 a6 9. a4 Bb7 10. e4 Qc7 11. Qc2 Rc8 12. Bg5 h6 13. Bh4 Nh5 14. Rc1 g5 15. Bg3 Nxg3 16. hxg3 Qb6 17. Rd1 Bg7 18. e5 c5 19. axb5 axb5 20. Nc3 Bxf3 21. gxf3 cxd4 22. Qe2 dxc3 23. Bxb5 0-0 24. Bxd7 cxb2 25. Rab1 Rb8 26. f4 Rfd8 27. f5 exf5 28. e6 fxe6 29. Bxe6+ Kh8 30. Rxd8+ Rxd8 31. Bxf5 Rf8 32. g4 Qd4 33. Qe6 Qf4 34. Qg6 Rxf5 35. gxf5 Qg4+ 36. Kf1 Qc4+ 37. Kg1 Qg4+ 38. Kf1 Qe4 39. Rxb2 Qh1+ 40. Ke2 Bxb2 41. Qe8+ Kh7 42. Qg6+ Kh8 43. Qe8+ 1/2-1/2

[Event "Cullera 5th"]
[Site "Cullera"]
[Date "2007.04.13"]
[Round "8"]
[White "Kovacevic, Slobodan"]
[Black "Gonzalez Menendez, Ivan"]
[Result "1/2-1/2"]
[WhiteElo "2325"]
[BlackElo "2401"]
[PlyCount "22"]
[EventDate "2007.04.09"]
[EventType "tourn"]
[EventRounds "9"]
[EventCountry "ESP"]
[EventCategory "1"]
[SourceTitle "CBM 117 Extra"]
[Source "ChessBase"]
[SourceDate "2007.05.09"]
[SourceVersion "1"]
[SourceVersionDate "2007.05.09"]
[SourceQuality "1"]

1. d4 Nf6 2. Nf3 d5 3. Bf4 c5 4. e3 Nc6 5. c3 Nh5 6. Bg5 h6 7. Bh4 g5 8. Bg3 Nxg3 9. hxg3 Bg7 10. Nbd2 cxd4 11. exd4 Bf5 1/2-1/2

[Event "Cullera 5th"]
[Site "Cullera"]
[Date "2007.04.11"]
[Round "4"]
[White "Gonzalez Menendez, Ivan"]
[Black "Valmana Canto, Jaime"]
[Result "1-0"]
[WhiteElo "2401"]
[BlackElo "2338"]
[PlyCount "89"]
[EventDate "2007.04.09"]
[EventType "tourn"]
[EventRounds "9"]
[EventCountry "ESP"]
[EventCategory "1"]
[SourceTitle "CBM 117 Extra"]
[Source "ChessBase"]
[SourceDate "2007.05.09"]
[SourceVersion "1"]
[SourceVersionDate "2007.05.09"]
[SourceQuality "1"]

1. e4 c5 2. Nf3 Nc6 3. Bb5 e6 4. 0-0 Nge7 5. Nc3 Nd4 6. Nxd4 cxd4 7. Ne2 a6 8. Ba4 b5 9. Bb3 Bb7 10. d3 Nc6 11. f4 Bc5 12. Ng3 h5 13. f5 Bd6 14. Bf4 Bxf4 15. Rxf4 Qg5 16. Qf1 Ne5 17. Ne2 Ng4 18. c3 Ne3 19. Qf2 Ng4 20. Qg3 e5 21. Rxg4 hxg4 22. Qxe5+ Qe7 23. Qxg7 0-0-0 24. cxd4 Qh4 25. Qe5 d6 26. Qf4 Qf6 27. e5 Qg7 28. e6 fxe6 29. Bxe6+ Kb8 30. Rf1 Qf6 31. Qxg4 Rh4 32. Qg6 Qh8 33. h3 Ka7 34. Qg3 Rh7 35. Qe3 Rg7 36. d5+ Ka8 37. f6 Rg6 38. f7 Rf8 39. Qd4 Qh6 40. Nf4 Rf6 41. Rf3 Qg5 42. Qe4 Kb8 43. Ne2 Rxe6 44. Qxe6 Qxd5 45. Qe8+ 1-0

[Event "San Sebastian op 30th"]
[Site "San Sebastian"]
[Date "2007.04.06"]
[Round "7"]
[White "Gonzalez Menendez, Ivan"]
[Black "Hernandez Sanchez, Elvis de la Caridad"]
[Result "1-0"]
[WhiteElo "2401"]
[BlackElo "2283"]
[PlyCount "73"]
[EventDate "2007.04.01"]
[EventType "swiss"]
[EventRounds "9"]
[EventCountry "ESP"]
[SourceTitle "CBM 117 Extra"]
[Source "ChessBase"]
[SourceDate "2007.05.09"]
[SourceVersion "1"]
[SourceVersionDate "2007.05.09"]
[SourceQuality "1"]

1. e4 e6 2. d4 d5 3. Nd2 Nf6 4. e5 Nfd7 5. Bd3 c5 6. c3 Nc6 7. Ngf3 Qb6 8. 0-0 g6 9. Re1 Bg7 10. h4 h6 11. c4 Nxd4 12. cxd5 0-0 13. d6 Nc6 14. Nc4 Qd8 15. a4 b6 16. Bf4 Bb7 17. Be4 Rb8 18. Qd2 Kh7 19. Qe2 Nb4 20. Bxb7 Rxb7 21. Qe4 Rb8 22. Ne3 Qc8 23. h5 Qb7 24. Qb1 Rg8 25. Bg3 Nc6 26. Ng4 Qc8 27. Qe4 Nb4 28. Nh4 Qe8 29. Ra3 Bf8 30. Rf3 Kh8 31. hxg6 fxg6 32. Nf6 Nxf6 33. Rxf6 Kh7 34. Nxg6 Rxg6 35. d7 Qxd7 36. Qxg6+ Kh8 37. Rf7 1-0